| 000 | 00936nam a2200277 a 4500 | ||
|---|---|---|---|
| 008 | 960412s1996 xo ra 0 slo c | ||
| 020 |
_a8022007013 _c99 |
||
| 040 |
_aSNK _bslo _cSNK _eAACR2 |
||
| 041 | 1 |
_aslo _hger |
|
| 044 |
_axo _cSK |
||
| 080 | _a830 (493)-3 | ||
| 100 | 1 |
_aMoser, Milena _d1963- _4aut |
|
| 240 | 1 | 0 |
_aBlondinenträume _lSlovensky |
| 245 | 1 | 0 |
_aSny blondínok _cMilena Moserová ; [z nemeckého originálu preložila Elena Diamantová] |
| 260 |
_aBratislava _bSlovenský spisovateľ _cc1996 |
||
| 300 |
_a142 s. _c21 cm |
||
| 490 | 1 |
_aSPKK _vzv. 583 |
|
| 500 | _aÚdaj o prekl. prevzatý z rubu tit. strany | ||
| 650 | 0 | 7 |
_aliteratúra švajčiarska nemecká _xromány o ženách _2SNK |
| 650 | 0 | 7 |
_aromány o ženách _xliteratúra švajčiarska nemecká _2SNK |
| 700 | 1 |
_aDiamantová, Elena _4trl |
|
| 730 | _tBlondinenträume | ||
| 760 | 1 | _tSPKK | |
| 765 | 0 |
_tBlondinenträume _aMoser, Milena |
|
| 958 | _aAUL | ||
| 999 |
_c12245 _d12245 |
||